| 000 | 01810nam0a2200337 4500 | ||
|---|---|---|---|
| 001 | RU\NLR\BIBL_A\012726534 | ||
| 005 | 20220526165924.0 | ||
| 010 |
_a978-5-4387-0867-4 _9500 |
||
| 021 |
_aRU _bКН-П-21-080827 _9КН-П-21-6434 |
||
| 035 | _a(NLR Aleph) 012726534 | ||
| 035 | _a(RuMoRGB)010878435 | ||
| 090 |
_a12958353 _c12958353 |
||
| 100 | _a20220311d2019 k y0rusy50 ca | ||
| 101 | 0 | _arus | |
| 102 | _aRU | ||
| 105 | _a |||z|||000zy | ||
| 181 | 0 |
_ai3 _baxxe |
|
| 182 | 0 | _an | |
| 200 | 1 |
_aПротестное движение шахтёров России в 1992-1999 гг. _eмонография _fИ.С. Соловенко _gМинистерство науки и высшего образования Российской Федерации, Федеральное государственное автономное образовательное учреждение высшего образования "Национальный исследовательский Томский политехнический университет", Юргинский технологический институт |
|
| 203 |
_aТекст _bвизуальный _cнепосредственный |
||
| 210 |
_aТомск _cИзд-во Томского политехнического университета _d2019 |
||
| 215 |
_a342 с. _cил., табл. _d21 |
||
| 320 | _aБиблиогр. в примеч.: с. 307-342 | ||
| 606 | 1 |
_aШахтерское движение _yРоссийская Федерация _92155581 _3RU\NLR\AUTH\661297729 |
|
| 686 | 1 | _aТ3(2)74-42 | |
| 700 | 1 |
_aСоловенко _bИ. С. _gИгорь Сергеевич |
|
| 942 | _cBOOK | ||
| 980 | _aNBR | ||
| 980 | _aNB | ||